000 01056nam a2200253 a 4500
001 52837
003 BD-RjUL
005 20211209075852.0
008 160927s1970 ii ||||| |||| 00| 0 ben d
020 _c: IRs. 12.00
035 _a(BD-RjUL)52957
040 _aBD-RjUL
_bben
_cBD-RjUL
041 _aben
082 _223
_a891.4409
_bSEB 1970
100 1 _aসেনগুপ্ত, সুবোধচন্দ্র
_9144638
245 1 0 _aবাংলা সমালোচনা পরিচয় /
_cসুবোধচন্দ্র সেনগুপ্ত
250 _a১ম সং.
260 _aকলিকাতা :
_bএ. মুখার্জী অ্যাণ্ড কোং.,
_c১৯৭০
300 _a[৮], ৩৬৪ পৃ. ;
_c১৯ সেমি.
500 _aতথ্যনির্দেশিকা সংযুক্ত
650 _aবাংলা সাহিত্য
_xইতিহাস ও সমালোচনা
_9158000
650 _aBengali Literature
_xHistory and Criticism
_9158001
942 _2ddc
_cBK
999 _c52837
_d52837